Najwięcej występów w reprezentacji Niemiec - Statystyki

Ogólne statystyki
  • Ten quiz został rozwiązany 454 razy
  • Średni wynik to 6 z 10
Statystyki odpowiedzi
Miejsce Zawodnik Lata gry Mecze Bramki % Poprawnych
4 Thomas Müller 2010–obecnie 128 45
94%
6 Manuel Neuer 2009–obecnie 117 0
87%
2 Miroslav Klose 2001–2014 137 71
75%
7 Philipp Lahm 2004–2014 113 5
69%
3 Lukas Podolski 2004–2017 130 49
61%
9 Toni Kroos 2010–2021 108 17
56%
5 Bastian Schweinsteiger 2004–2016 121 24
43%
1 Lothar Matthäus 1980–2000 150 23
37%
8 Jürgen Klinsmann 1987–1998 108 47
21%
10 Jürgen Kohler 1986–1998 105 2
8%
Nie znaleziono quizów pasujących do podanych kryteriów
Rozkład punktacji
Procent ludzi z każdym wynikiem
Percentyl według liczby udzielonych odpowiedzi
Twoja historia wyników
Nie rozwiązałeś tego quizu